Lập trình căn bản : Ngôn ngữ Pascal, phương pháp lập trình, cấu trúc dữ liệu, Turbo Pascal 5.0 /
में बचाया:
| मुख्य लेखक: | |
|---|---|
| अन्य लेखक: | , |
| स्वरूप: | Sách giấy |
| भाषा: | Vietnamese |
| प्रकाशित: |
TP.HCM :
Trường Đại học Bách khoa,
1993.
|
| विषय: | |
| टैग : |
टैग जोड़ें
कोई टैग नहीं, इस रिकॉर्ड को टैग करने वाले पहले व्यक्ति बनें!
|
| Thư viện lưu trữ: | Thư viện Trường Đại học Đà Lạt |
|---|
| LEADER | 00865nam a2200289 4500 | ||
|---|---|---|---|
| 001 | DLU020002913 | ||
| 005 | ##19990413 | ||
| 040 | # | # | |a DLU |b vie |
| 041 | # | # | |a vie |
| 044 | # | # | |a vn |
| 082 | # | # | |a 005.1 |b DO-H |
| 100 | # | # | |a Đoàn Nguyên Hải. |
| 245 | # | # | |a Lập trình căn bản : |b Ngôn ngữ Pascal, phương pháp lập trình, cấu trúc dữ liệu, Turbo Pascal 5.0 / |c Đoàn Nguyên Hải, Nguyễn Trung Trực, Nguyễn Anh Dũng. |
| 260 | # | # | |a TP.HCM : |b Trường Đại học Bách khoa, |c 1993. |
| 300 | # | # | |a 476 tr. ; |c 20 cm. |
| 650 | # | # | |a Lập trình (Máy tính điện tử). |
| 700 | # | # | |a Nguyễn Anh Dũng. |
| 700 | # | # | |a Nguyễn Trung Trực. |
| 992 | # | # | |a 18000 |
| 994 | # | # | |a DLU |
| 900 | # | # | |a False |
| 911 | # | # | |a Administrator |
| 925 | # | # | |a G |
| 926 | # | # | |a A |
| 927 | # | # | |a SH |
| 980 | # | # | |a Thư viện Trường Đại học Đà Lạt |